|
|
|
|
| LEADER |
00000nam a2200000 a 4500 |
| 005 |
20110419143531.0 |
| 008 |
090218s2008 sp ||||||o000 0 spa|c |
| 020 |
|
|
|a 9788498493757
|
| 035 |
|
|
|a 4932
|
| 040 |
|
|
|a CCUC
|d vlex
|
| 090 |
|
|
|c 2050
|d 2050
|
| 245 |
0 |
3 |
|a El Tratado de Lisboa :
|b anl̀isis y perspectivas /
|c Carlos R. Fernǹdez Liesa, Castor M. Da̕z Barrado (directores) ; M. Amparo Alcoceba Gallego ; Ana Manero Salvador (coordinadores)
|h [Recurso electrn̤ico]
|
| 256 |
|
|
|a Servicio en ln̕ea
|
| 260 |
|
|
|a Madrid :
|b Dykinson,
|c cop. 2008
|
| 300 |
|
|
|a 362 p. ;
|
| 500 |
|
|
|a En la portada: Instituto Universitario de Estudios Internacionales y Europeos Francisco de Vitoria
|
| 504 |
|
|
|a Referencias bibliogrf̀icas
|
| 506 |
1 |
|
|a Contenido solo disponible en los productos indicados
|d vLex Global
|d vLex Global (Academic Edition, excluding Law Schools)
|d vLex Global (U.S. Academic Edition, Law Schools)
|d vLex Global (U.S. Academic Edition, excluding Law Schools)
|d vLex Global (Academic Edition, Law Schools)
|
| 630 |
0 |
4 |
|a Tratado de Lisboa (2007)
|
| 651 |
|
4 |
|a Unin̤ Europea
|x Tratados
|
| 700 |
1 |
|
|a Fernǹdez Liesa, Carlos,
|e dir.
|
| 700 |
1 |
|
|a Da̕z Barrado, Cs̀tor M.,
|e dir.
|
| 700 |
1 |
|
|a Alcoceba Gallego, Amparo,
|e coord.
|
| 700 |
1 |
|
|a Manero Salvador, Ana,
|e coord.
|
| 710 |
2 |
|
|a Instituto Universitario de Estudios Internacionales y Europeos Francisco de Vitoria
|
| 740 |
|
|
|a vLex Libros (Servicios en ln̕ea)
|
| 856 |
|
|
|u http://vlex.com/source/tratado-lisboa-analisis-perspectivas-4932
|z Acceso restringido
|
| 942 |
|
|
|c BOOK
|